00446nam a2200193Ia 4500003000900000008004100009040001300050040001300063041000800076100002200084245005300106250002200159260002100181260000900202300001100211300001000222490001400232490000600246IT-RoPAU120407s9999 xx 000 0 und d aIT-RoPAU cIT-RoPAU aita aJean-Bruno Renard aGli extraterrestri. Una nuova credenza religiosa aCinisello Balsamo aEdizioni Paoline c1991 a132 p. c19 cm aI compact v9